Escuela de magia /

Como joven escudero, parece tener asegurado un futuro como cabellero...hasta que un mago misterioso llega al castillo. Ante su asombro, Randal descubre que él también tiene poderes especiales. Abandona la tranquilidad de su vida para convertirse en alumno de la Escuela de Magia. No obstante, una vez...

Descripción completa

Guardado en:
Autor Principal: Doyle, Debra.
Otros Autores: Macdonald, James D.
Formato: Libro
Idioma:Undetermined
Publicado: Buenos Aires : Albatros, 2002.
Series:Círculo mágico ; 1
Materias:
Etiquetas: Agregar Etiqueta
Sin Etiquetas, Sea el primero en etiquetar este registro!
LEADER 01113nam a22002055a 4500
001 CEM.cems024299
008 240830s2002####ag############000#0#und#d
005 20240830163452.0
245 1 0 |a Escuela de magia /  |c Debra Doyle y James D. Macdonald. 
260 |a Buenos Aires :  |b Albatros,  |c 2002. 
300 |a 128 p. 
490 1 |a Círculo mágico ;  |v 1 
520 |a Como joven escudero, parece tener asegurado un futuro como cabellero...hasta que un mago misterioso llega al castillo. Ante su asombro, Randal descubre que él también tiene poderes especiales. Abandona la tranquilidad de su vida para convertirse en alumno de la Escuela de Magia. No obstante, una vez iniciado su entrenamiento en las artes mágicas, advierte que existen muchos peligros, y entre ellos un enemigo mortal, que deberá vencer antes de pasar de aprendiz a mago profesional. 
020 |a 950240985X 
100 1 |a Doyle, Debra. 
700 1 |a Macdonald, James D. 
653 |a Literatura fantástica 
653 |a Literatura juvenil 
653 |a Literatura estadounidense 
859 |a CEMS  |b BIB. CEMS - Inicial y Primaria  |h 813.5  |i D772-2  |k IP  |p 2923  |t Ej.1